000
00295nam a2200121Ia 4500
008
241015s9999 xx 000 0 und d
041
_a
eng
082
_a
737 CHA
100
_a
Chambers, Samuel A.
245
_a
Money Has No Value
260
_b
De Gruyter
_a
Boston
_c
2023
300
_a
211;. P. 22 cm
999
_c
41641
_d
41641